| 000 | 01016nam a22002415i 4500 | ||
|---|---|---|---|
| 001 | 166120 | ||
| 003 | ES-MaACL | ||
| 005 | 20250807122740.0 | ||
| 008 | 000807s1897 sp ao |||| | spa d | ||
| 040 |
_aCCPB | B _bspa _cCCPB | B |
||
| 100 | 1 |
_aTello Amondareyn, Manuel. _9133170 |
|
| 245 | 1 | 0 |
_aCéuta _b: llave principal del estrecho : apuntes para un estudio político-militar / _cManuel Tello Amondareyn ; dibujos de P. de Rojas... [et al.] ; fotografías de Laurent... [et al.] ; fotograbados de Laporta Hermanos... [et al.]. |
| 250 | _a3ª ed. | ||
| 260 |
_aMadrid : _b[s.n.], _c1897 ( _fimprenta de Fortanet) |
||
| 300 |
_a411 p., [2] h. de lám. pleg. : _bil. ; _c20 cm. |
||
| 599 | _aLas h. pleg. con fotografías de Ceuta y sus habitantes. | ||
| 651 | 4 |
_aCeuta- _xDescripción. _9137091 |
|
| 700 | 1 |
_aLaurent, J., _d1816-1886 _9147296 |
|
| 700 | 1 |
_aRojas, P. de. _9132009 |
|
| 710 | 2 |
_aLaporta Hermanos (Madrid) . _9152866 |
|
| 852 |
_aES-MaACL _jG-1007 _z-- Enc. hol. |
||
| 999 |
_c166120 _d166120 |
||